| 000 | 00589nam a2200181 i 4500 | ||
|---|---|---|---|
| 001 | 180936 | ||
| 003 | ES-MaACL | ||
| 005 | 20230906221225.0 | ||
| 008 | 120831s1994 sp |||| | spa d | ||
| 080 | _a791.43(460.33 Cartagena) | ||
| 100 | 0 |
_aEgea Bruno, Pedro María. _946708 |
|
| 245 | 1 | 0 |
_aCrónicas de la posguerra cartagenera _b: las sesiones cinematográficas / _cpor Pedro María Egea Bruno. |
| 260 |
_aCartagena : _bAgua, _c1994. |
||
| 300 |
_a14 p. ; _c24 cm. |
||
| 650 | 4 |
_aCines- _zCartagena. _9151382 |
|
| 650 | 4 |
_aCine- _zCartagena. _9151383 |
|
| 852 |
_aES-MaACL _j2318-F-19 |
||
| 999 |
_c180936 _d180936 |
||